00342nam a2200133Ia 4500008004100000041000800041082001400049100001700063245004500080250001400125260002900139300003300168365000700201240624s9999 xx 000 0 und d aeng a174.4 FER aFERNANDO A C aBUSINESS ETHICS AND CORPORATE GOVERNANCE a(2nd ed.) c2015aNew DelhibPearson axxvii, : 595 : p. : cm. ; 27 cRS